000 00885nam a2200217Ii 4500
003 JO-AjNU
008 230605s9999||||xx |||||||||||||| ||und||
017 _a1994/9/931
040 _aJO-AjNU
_bara
_erda
_cJO-AjNU
041 _aara
050 1 4 _aHB3660.5.K4264 1994
100 3 _aالخفاف، عبد علي، م.مشارك: محمد احمد عقلة المومني,
_eauthor
_947264
245 0 0 _aسكان العالم الاسلامي: دراسة عن الواقع ومؤثرات المستقبل
250 _aط1
264 3 1 _aاربد: دار الكندي للنشر والتوزيع، 1994
300 _a158ص
_bيحتوي على ببلوغرافية من 157-158ص
336 _atext
_btxt
_2rdacontent
337 _aunmediated
_bn
_2rdamedia
338 _avolume
_bnc
_2rdacarrier
650 4 _aالجغرافية السكانية - العالم الاسلامي
_947265
999 _aA20620
_c24188
_d24188